|
|
|
|
| LEADER |
00000nab a2200000 a 4500 |
| 001 |
vtls000002917 |
| 003 |
SK-MaSNL |
| 005 |
20260304022639.0 |
| 008 |
111103c1978 xo 0 slo |
| 015 |
|
|
|a SNBRB19rr/mm-uuuuu
|
| 035 |
|
|
|a CL0013009
|
| 040 |
|
|
|a SNKBUCL
|b slo
|c SNKBUCL
|e AACR2
|
| 041 |
0 |
|
|a slo
|
| 044 |
|
|
|a xo
|c SK
|
| 080 |
|
|
|a 885.4-7
|2 1981
|
| 100 |
1 |
|
|a Janko, Ivan,
|d 1977-
|4 aut
|9 204573
|
| 245 |
1 |
0 |
|a Nedeľná chvíľka poézie. "Postoj, chvíľka si krásna". (Goethe)
|b Malý televízny slovník
|c Ivan Janko ; D. Zacharová
|
| 650 |
0 |
7 |
|a fejtóny humoristické
|2 snkbucl
|9 900451
|
| 650 |
0 |
7 |
|a televízne relácie
|2 snkbucl
|9 102040
|
| 650 |
0 |
7 |
|a Nedeľná chvíľka poézie
|2 snkbucl
|9 1238967
|
| 655 |
|
7 |
|a články z novín a časopisov
|2 snkbucl
|9 267496
|
| 655 |
|
7 |
|a články z odboru literárna veda a krásna literatúra
|2 snkbucl
|9 770045
|
| 700 |
1 |
|
|a Zacharová, Dana,
|d 1947-
|4 gup
|9 136732
|
| 773 |
0 |
|
|t Televízia
|g Roč. 12, č. 25 (1978), s. 28
|
| 850 |
|
|
|a Slovenská národná knižnica v Martine
|a MTA001
|
| 852 |
|
|
|a SNK
|b KIS3GCP
|
| 958 |
|
|
|a RK
|
| 958 |
|
|
|a LX
|
| 992 |
|
|
|a RBX
|
| 999 |
|
|
|c 2612413
|d 2614343
|